DIFFERENTIAL DIAGNOSIS IN NEUROLOGY & NEUROSURGERY (Record no. 16986)

MARC details
000 -LEADER
fixed length control field 00328nam a22001457a 4500
003 - CONTROL NUMBER IDENTIFIER
control field SGT
020 ## - INTERNATIONAL STANDARD BOOK NUMBER
International Standard Book Number 612.8
082 ## - DEWEY DECIMAL CLASSIFICATION NUMBER
Classification number 612.8
Item number D18S
100 ## - MAIN ENTRY--PERSONAL NAME
Personal name SINHA, VIRENDRA DEO
245 ## - TITLE STATEMENT
Title DIFFERENTIAL DIAGNOSIS IN NEUROLOGY & NEUROSURGERY
250 ## - EDITION STATEMENT
Edition statement 1ST
260 ## - PUBLICATION, DISTRIBUTION, ETC. (IMPRINT)
Place of publication, distribution, etc INDIA
Name of publisher, distributor, etc CBS PUB
Year of Publication 2018
300 ## - PAGE DESCRIPTION
No. of Pages 221
942 ## - ADDED ENTRY ELEMENTS (KOHA)
Source of classification or shelving scheme Dewey Decimal Classification
Koha item type Books
Holdings
Withdrawn status Lost status Source of classification or shelving scheme Damaged status Not for loan Collection code Home library Current library Shelving location Date acquired Vendor Name Cost, normal purchase price SGTU Bill Number Total Checkouts Full call number Accession No. (Barcode) Date last seen Bill Date Koha item type
    Dewey Decimal Classification     MEDICAL SGT Medical Library SGT Medical Library Reference Book 22/02/2019 ABC DELHI 350.00 SGTU 10441   612.8 D18S FM11203 22/02/2019 20/12/2018 Books